Szczegóły MARC21

Transport kolejowy w Polsce w warunkach transformacji gospodarki T.2, Działalność przedsiębiorstwa PKP [Polskie Koleje Państwowe] /

005 -DATA I CZAS OSTATNIEJ MODYFIKACJI [,]
    • @
    • pole kontrolne
    • 20070315155141.9
040 -Instytucja sporządzająca opis [ , ]
    • a
    • Instytucja, która sporządziła opis (NP)
    • SZCZ U
    • c
    • Instytucja, która sporządziła rekord (NP)
    • SZCZ U
041 -Język dokumentu [0, ]
    • a
    • Język tekstu (P)
    • polski
    • h
    • Język tekstu oryginalnego i/lub pośredniego (P)
    • polski
942 -Rodzaj dokumentu [ , ]
    • c
    • Rodzaj dokumentu
    • Książka
100 -Hasło główne - nazwa osobowa [ , ]
    • a
    • Nazwa osobowa (NP)
    • ENGELHARDT, JULIUSZ
245 -Strefa tytułu i oznaczenia odpowiedzialności [1, ]
    • a
    • Tytuł
    • Transport kolejowy w Polsce w warunkach transformacji gospodarki Find
    • n
    • Oznaczenie części (P)
    • T.2,
    • p
    • Nazwa części (P)
    • Działalność przedsiębiorstwa PKP [Polskie Koleje Państwowe] /
    • c
    • Pozostałe elementy strefy tytułu i oznaczenia odpowiedzialności (NP)
    • Juliusz Engelhardt.
260 -Strefa adresu wydawniczego [ , ]
    • a
    • Miejsce wydania (P)
    • Warszawa :
    • b
    • Nazwa wydawcy (P)
    • Kolejowa Oficyna Wydaw.,
    • c
    • Data wydania (P)
    • 1998.
300 -Strefa opisu fizycznego [ , ]
    • a
    • Określenie formy książki i/lub objętość (NP)
    • [243] s :
    • b
    • Oznaczenie ilustracji (NP)
    • rys :
    • c
    • Format (NP)
    • 24 cm.
500 -Uwaga ogólna [ , ]
    • a
    • Uwaga ogólna (NP)
    • Bibliogr
080 -Uniwersalna Klasyfikacja Dziesiętna [ , ]
    • a
    • Symbol klasyfikacji
    • 338.47::656.2(438)(075.8)
080 -Uniwersalna Klasyfikacja Dziesiętna [ , ]
    • a
    • Symbol klasyfikacji
    • :658.1/.5::656.2(438)(075.8)
980 -Symbol UKD [ , ]
    • a
    • UKD
    • 338.47::656.2(438)(075.8):658.1/.5::656.2(438)(075.8)
Lokalizacja Data inwentaryzacji Sygnatura Numer inwentarzowy Status udost.
T1999-02-10T.287T.287-2
T1999-02-10T.288T.288-3
T1999-02-10T.289T.289-3
T1999-02-10T.290T.290-3
T1999-02-10T.291T.291-3
T2000-07-03T.2858T.2858-3
T2005-04-26TM.3238TM.3238-3